000 00469cam a2200193ua 4500
001 4056
008 111220n ii |||gr||||Z||||||asm
020 _a81-7339-174-2
040 _cMAIN
082 _a301.095416
100 _aSaikia, Utpal,
245 1 1 _aUttar pub bharatar samaj
_cby Utpal Saikia
250 _a4th.
260 _aDibrugarh:
_bBanalata,
_c2009.
300 _a298p:
_c23cm.
653 _aSociology
653 _aUttar pub bharatar samaj
942 _cBK
999 _c3878
_d3878